| 000 | 01191cam a2200241 i 4500 | ||
|---|---|---|---|
| 003 | SA-RiAUC | ||
| 005 | 20241214062610.0 | ||
| 008 | 241212q19001999su g 00000 ara c | ||
| 040 |
_aSA-JeALM _bara _cSA-RiAUC _erda |
||
| 082 | 0 | 4 | _a378.2 |
| 090 |
_a378.2 _bج ا م |
||
| 110 | 2 |
_aالجامعة الإسلامية بالمدينة المنورة. _eمؤلف. |
|
| 245 | 1 | 0 |
_a852 شهادة جامعية تمنحها الجامعة الإسلامية بالمدينة المنورة خلال تسع سنوات. _cالجامعة الاسلامية بالمدينة المنورة |
| 246 | 3 | _aثمانمائة وإثنين وخمسون شهادة جامعية تمنحها الجامعة الإسلامية بالمدينة المنورة خلال تسع سنوات | |
| 264 | 1 |
_aجدة : _bمؤسسة الطباعة والصحافة والنشر، _c1975 |
|
| 300 |
_a126 صفحة ؛ _c24 سم |
||
| 336 |
_aنص _btxt _2rdacontent _3كتاب |
||
| 337 |
_aبدون وسيط _bn _2rdamedia |
||
| 338 |
_aمجلد _bnc _2rdacarrier |
||
| 610 | 2 | 7 |
_aالجامعة الإسلامية بالمدينة المنورة _2aucnm |
| 942 |
_2ddc _cBOOK _n0 |
||
| 949 |
_aSA-JeALM _d241212 _uosman123 _n1 |
||
| 999 |
_c3464 _d3464 |
||